| 000 | 01629nam a2200289Ia 4500 | ||
|---|---|---|---|
| 999 |
_c41453 _d41453 |
||
| 001 | 8117 | ||
| 003 | GE_BSU | ||
| 005 | 20240319151725.0 | ||
| 008 | 181216s2011||||ge |||||||||||||| ||geo|| | ||
| 020 | _a9789941103469 | ||
| 040 | _cGE_BSU | ||
| 041 | _ageo | ||
| 080 | _a657(076) კ–44 | ||
| 100 |
_aკვატაშიძე, ნ. _914156 |
||
| 245 |
_aსავარჯიშოების კრებული ფინანსურ აღრიცხვაში : _bსაკონტროლო კითხვები, სავარჯიშოები, სიტუაციური ამოცანები / _cნ. კვატაშიძე, ა. ხორავა, ზ. გოგრიჭიანი ; რედ. ნადეჟდა კვატაშიძე. |
||
| 250 | _aმე-2 შევსებული გადამუშავებული გამოცემა | ||
| 264 |
_aთბილისი : _bმერიდიანი, _c2011. |
||
| 300 |
_a442 გვ. : _bცხრ. ; _c30 სმ. |
||
| 500 | _aდანართები : გვ. 429-441 | ||
| 504 | _aბიბლიოგრ. : გვ. 426-428 | ||
| 541 | _h25ლ. | ||
| 653 | _aსავარჯიშოების კრებული ფინანსურ აღრიცხვაში | ||
| 700 |
_aხორავა, ანჟელი _eავტორი _913183 |
||
| 700 |
_aგოგრიჭიანი, ზეინაბ _eავტორი _913245 |
||
| 700 |
_aკვატაშიძე, ნადეჟდა _eრედაქტორი _913182 |
||
| 942 |
_cBK _2udc |
||